NLSUI OPAC header image

Harassment law and practice (Record no. 15785)

MARC details
000 -LEADER
fixed length control field 01305nam a2200217Ia 4500
003 - CONTROL NUMBER IDENTIFIER
control field OSt
005 - DATE AND TIME OF LATEST TRANSACTION
control field 20220106124625.0
008 - FIXED-LENGTH DATA ELEMENTS--GENERAL INFORMATION
fixed length control field 160316s1998 xxu||||| |||| 00| 0 eng d
020 ## - INTERNATIONAL STANDARD BOOK NUMBER
International Standard Book Number 1854318349
040 ## - CATALOGING SOURCE
Transcribing agency .
082 ## - DEWEY DECIMAL CLASSIFICATION NUMBER
Classification number 345.02 ADD
Item number ADD
100 ## - MAIN ENTRY--PERSONAL NAME
Personal name Addison Neil
245 ## - TITLE STATEMENT
Title Harassment law and practice
260 ## - PUBLICATION, DISTRIBUTION, ETC.
Place of publication, distribution, etc. London
Name of publisher, distributor, etc. Blackstone Press Pvt. Ltd.
Date of publication, distribution, etc. 1998
300 ## - PHYSICAL DESCRIPTION
Extent 240p
Dimensions xxiii
365 ## - TRADE PRICE
Price amount Rs.1,798.89
505 ## - FORMATTED CONTENTS NOTE
Formatted contents note Contents;<br/>Introduction;<br/>Table of Cases;<br/>Table of Statutes;<br/>Table of Secondary Legislation;<br/>I. Common law tort of harassment<br/>2. Protection from Harassment Act 1997 statutory tort<br/>3. Protection from Harassment Act 1997 criminal offenses<br/>4. Family Law Act 1996: domestic violence and harassment<br/>5. Housing Act 1996<br/>6. Public nuisance<br/>7. Injunctions, remedies, and enforcement<br/>8. Restraining orders<br/>9. Harassment in the workplace<br/>10. Crime and Disorder Act 1998<br/>Appendix I Protection from Harassment Act 1997<br/>Appendix 2 Rules of court governing proceedings under the Protection<br/>from Harassment Act 1997<br/>Appendix 3 Protection from Harassment (Northern Ireland) Order 1997<br/>Index<br/><br/>
650 ## - SUBJECT ADDED ENTRY--TOPICAL TERM
Topical term or geographic name entry element 1. Criminal Law - Harassment - U K2. Harassment Laws - U K3. Protection of Harassment - U K
700 ## - ADDED ENTRY--PERSONAL NAME
Personal name Lawson-Cruttenden Timothy
--
942 ## - ADDED ENTRY ELEMENTS (KOHA)
Source of classification or shelving scheme Dewey Decimal Classification
Koha item type BOOKs
Holdings
Withdrawn status Lost status Damaged status Not for loan Home library Current library Shelving location Date acquired Cost, normal purchase price Total Checkouts Full call number Barcode Date last seen Price effective from Koha item type
        . .   30.05.2017 1798.89   345.02 ADD 15758 30.05.2017 30.05.2017 BOOKs